BTS / Bangtan Boys Real Names - Statistics

General Stats
  • This quiz has been taken 8,338 times
  • The average score is 7 of 7
Answer Stats
Stage Name Real Name % Correct
V Kim Taehyung
97%
Jimin Park Jimin
97%
RM Kim Namjoon
96%
Jungkook Jeon Jungkook
95%
Suga Min Yoongi
94%
Jin Kim Seokjin
93%
J-Hope Jung Hoseok
87%
No matching quizzes found
Score Distribution
Percent of People with Each Score
Percentile by Number Answered
Your Score History
You have not taken this quiz